Динамика торцево-конических и угловых фрез; Материалы к конференции по резанию металлов

Bibliographic Details
Parent link:Материалы к конференции по резанию металлов.— 1940.— С. 70-83
Main Author: Розенберг А. М. Александр Минеевич
Summary:В фонде НТБ ТПУ отсутствует
Language:Russian
Published: 1940
Subjects:
Format: MixedMaterials Book Chapter
KOHA link:https://koha.lib.tpu.ru/cgi-bin/koha/opac-detail.pl?biblionumber=593495

MARC

LEADER 00000naa0a2200000 4500
001 593495
005 20250131095635.0
035 |a (RuTPU)RU\TPU\tpu\6908 
090 |a 593495 
100 |a 20011210d1940 k y0rusy50 ca 
101 0 |a rus 
102 |a RU 
200 1 |a Динамика торцево-конических и угловых фрез  |f А. М. Розенберг 
333 |a В фонде НТБ ТПУ отсутствует 
463 |t Материалы к конференции по резанию металлов  |v С. 70-83  |d 1940 
610 1 |a машиностроение 
610 1 |a труды учёных ТПУ 
700 1 |a Розенберг  |b А. М.  |c специалист в области металлообработки  |c декан Механического факультета Томского политехнического института, доктор технических наук  |f 1902-1989  |g Александр Минеевич  |3 (RuTPU)RU\TPU\pers\5479 
801 0 |a RU  |b 63413507  |c 20011210  |g PSBO 
801 2 |a RU  |b 63413507  |c 20230628  |g PSBO 
942 |c BK